| 000 | 01654nam a22002657a 4500 | ||
|---|---|---|---|
| 999 |
_c59729 _d59729 |
||
| 003 | Ge_BSU | ||
| 005 | 20230407123723.0 | ||
| 008 | 230407s2015 ge ||||| |||| 00| 0 geo d | ||
| 020 | _a9789941452093 | ||
| 041 | _ageo | ||
| 080 | _a903.25(479.22)(09): 739.2(479.22)(09) ლ-85 | ||
| 100 |
_aლორთქიფანიძე, ნინო _917544 |
||
| 245 |
_aძველი ქართული სამკაული / _cნინო ლორთქიფანიძე; რედაქტორი ლია ლიქოკელი; ფოტოების ავტორი: ქუცნა ამირეჯიბი, მირიან კილაძე ; დიზაინი მართა თაბუკაშვილი. |
||
| 264 |
_aთბილისი : _bქარჩხაძის გამ-ბა, _c2015. |
||
| 300 |
_a376 გვ. : _bფოტ. ; _c 30 სმ. |
||
| 500 | _aშენიშვნები: გვ. 360-370. | ||
| 504 | _aბიბლიოგრაფია: გვ. 372-375. | ||
| 520 | _aრეზიუმე ინგლისურ ენაზე. | ||
| 653 | _aძველი ქართული სამკაულის ისტორია | ||
| 700 |
_aლიქოკელი, ლია _eრედაქტორი _917545 |
||
| 700 |
_aამირეჯიბი, ქუცნა _eფოტოების ავტორი _917546 |
||
| 700 |
_aკილაძე, მირიან, _eფოტოების ავტორი _95140 |
||
| 700 |
_aთაბუკაშვილი, მირიან _eდიზაინერი _917547 |
||
| 942 |
_2udc _cBK |
||